000 00365 a2200121 4500
001 ART_42385
005 20260410161755.0
008 260409a
245 1 0 _aIngresos brutos y la actividad industrial en la CABA
100 1 _aKaplan, Hugo E.
700 1 _aPiccinelli, Oscar A.
773 0 _tDoctrina tributaria
_g- NÂș 366 (sep. 2010)
_wREV4296
999 _c20051
_d20051